00548 2200193 4500001002100000005001500021008004100036020002500077035001900102041000700121082001300128090002100141100001900162245009100181260002600272300002900298500001100327650001600338INLIS00000000000124820241224112320241224||||||||| | ||| |||| || |  aISBN 978-602-8144-45 0010-1224001248 aid0 a370. 114 a370. 114 HER p/30 ahermawan aksan00aPendidikan Budaya dan Karakter Bangsa Demokratis, Gotong Royong hingga Cinta Tanah Air bnuansa cendekiac2014 a122 hlm.; 15,5 x 23,5 cm aCet. 1 0aIlmu Sosial